De quelle génération est ce Pokémon ? #01 - Statistiques

Statistiques générales
  • Ce quiz a été pris 72 fois
  • Le résultat moyen est 23 sur 30
Statistiques - réponses
Hint Réponse % Correct
Onix 1G
88%
Smogogo 1G
88%
Ronflex 1G
87%
Germignon 2G
87%
Raichu 1G
85%
Machoc 1G
84%
Galifeu 3G
82%
Akwakwak 1G
81%
Keldeo 5G
81%
Mouscoto 7G
81%
Mentali 2G
79%
Nirondelle 3G
79%
Miradar 5G
78%
Flamiaou 7G
78%
Poussacha 9G
78%
Élekid 2G
75%
Gueriaigle 5G
75%
Tranchodon 5G
75%
Cerfrousse 2G
73%
Rexillius 6G
73%
Hippodocus 4G
72%
Togekiss 4G
72%
Pomdrapi 8G
72%
Pimito 9G
72%
Félicanis 9G
70%
Galvaran 6G
67%
Hexagel 5G
66%
Scolocendre 8G
66%
Écayon 4G
60%
Meltan 7G
58%
Aucun quiz correspondant
Distribution des résultats
% des personnes avec chaque résultat
Percentile par nombre de réponses
Votre historique - résultats
Vous n’avez pas pris ce quiz